Statistics for Orlando Magic Playoffs Starters

Click here to take the quiz!

General Stats

  • This quiz has been taken 19 times
    (3 since last reset)
  • The average score is 14 of 44

Answer Stats

Player % Correct
Markelle Fultz
100%
Evan Fournier
100%
Dwight Howard
100%
Nikola Vučević
100%
Rashard Lewis
67%
Jameer Nelson
67%
Penny Hardaway
67%
Tracy McGrady
67%
Aaron Gordon
67%
Horace Grant
67%
Shaquille O'Neal
67%
Darrell Armstrong
33%
Dennis Scott
33%
Vince Carter
33%
Nick Anderson
33%
Courtney Lee
33%
Hedo Türkoğlu
33%
Maurice Evans
33%
Drew Gooden
33%
Derek Strong
33%
Ryan Anderson
33%
D.J. Augustin
33%
Bo Outlaw
33%
Jonathan Isaac
33%
Grant Hill
33%
Brandon Bass
0%
Glen Davis
0%
James Ennis
0%
Jason Richardson
0%
Larry Krystkowiak
0%
Matt Barnes
0%
Rafer Alston
0%
Tony Battie
0%
Gordan Giriček
0%
Jacque Vaughn
0%
Pat Garrity
0%
Monty Williams
0%
Andrew DeClercq
0%
Mike Miller
0%
Isaac Austin
0%
Rony Seikaly
0%
Brian Shaw
0%
Gary Clark
0%

Score Distribution

Percentile by Number Answered

Percent of People with Each Score

Your Score History

You have not taken this quiz since the last reset